| 000 | 00368 a2200145 4500 | ||
|---|---|---|---|
| 001 | 167890 | ||
| 020 | _a | ||
| 040 | _cMagnum | ||
| 100 | _aOliveira, Roberto Cesar de | ||
| 240 | 1 | 0 |
_aPersonal training: uma abordagem metodologica _lpor |
| 245 | 1 | 0 | _aPersonal training: uma abordagem metodologica |
| 362 | 0 | _a1899 | |
| 697 | _aCIENCIAS MEDICAS SAUDE | ||
| 942 | _cBK | ||
| 999 |
_c167890 _d167890 |
||